| 000 | 00420nam a2200169 i 4500 | ||
|---|---|---|---|
| 001 | bg | ||
| 100 | 1 | _aZALEWSKI, Kacper | |
| 245 | 0 | _aWykłady z termodynamiki fenomenologicznej i statystycznej. | |
| 250 | _aWyd. 4 popr. | ||
| 260 |
_aWarszawa : _bPWN, _c1976. |
||
| 650 | 9 |
_aTermodynamika _xteoria |
|
| 040 | _cBPK | ||
| 041 | _apol | ||
| 080 | _a536.7 | ||
| 942 | _cKS | ||
| 008 | s pl f |000 0 pol | ||
| 999 |
_c26968 _d26968 |
||
| 856 |
_uhttp://koha.tu.koszalin.pl/cgi-bin/koha/opac-detail.pl?biblionumber=26968 _yKatalog online BPK |
||